Statistics for Popular Australian Fast Food Restaurants

Click here to take the quiz!

General Stats

  • This quiz has been taken 313 times
  • The average score is 16 of 50

Answer Stats

#HintAnswer% Correct
2BurgerMcDonald's
98%
1SandwichSubway
94%
5PizzaDomino's
92%
3ChickenKFC
91%
10PizzaPizza Hut
90%
6BurgerHungry Jack's
85%
14JuiceBoost Juice
68%
28CoffeeStarbucks
68%
7ChickenRed Rooster
63%
9DonutsDonut King
60%
4BreadBaker's Delight
58%
25MexicanGuzman y Gomez
52%
22DonutsKrispy Kreme
51%
8CoffeeGloria Jean's
41%
13ChickenNando's
40%
16Ice CreamWendy's
38%
26Ice CreamBaskin Robbins
34%
35Ice CreamCold Rock Ice Creamery
33%
21BurgerGrill'd
33%
20BurgerOporto
33%
11CoffeeThe Coffee Club
29%
29SchnitzelSchnitz
28%
19MexicanZambrero
27%
15BreadBrumby's Bakery
26%
46VietnameseRoll'd
19%
50Ice CreamBen & Jerry's
18%
33SaladSumo Salad
18%
45SushiSushi Sushi
18%
27PancakesPancake Parlour
17%
39ChocolateMax Brenner
16%
31MexicanMad Mex
15%
17CoffeeMuffin Break
13%
12CakesMichel's Pattiserie
12%
40SteakOutback Steakhouse
12%
38ChocolateSan Churro
12%
18PizzaCrust Gourmet Pizza Bar
10%
41TeaChatime
9%
48GelatoGelatissimo
9%
30BreadBreadtop
8%
23CoffeeJamaica Blue
7%
36SteakLone Star Steakhouse
6%
42CoffeeSoul Origin
6%
44YogurtYogurtland
6%
24WrapsAli Baba
5%
43JuiceTop Juice
4%
34NoodlesNoodle House
2%
37SteakRashays
2%
32ChickenKingsley's Chicken
1%
49ThaiChong Co Thai
0%
47TurkishGozleme King
0%

Score Distribution

Percentile by Number Answered

Percent of People with Each Score

Your Score History

You have not taken this quiz